Notions et documents d'histoire et de géographie

Na minha lista:
Detalhes bibliográficos
Autor principal: M Chaulangers
Formato: Livro
Idioma:Undetermined
Publicado em: Paris Delagrave 1973
Assuntos:
Tags: Adicionar Tag
Sem tags, seja o primeiro a adicionar uma tag!
Thư viện lưu trữ: Trung tâm Học liệu Trường Đại học Cần Thơ
LEADER 00499nam a2200181Ia 4500
001 CTU_10796
008 210402s9999 xx 000 0 und d
082 |a 944.0712 
082 |b C497 
100 |a M Chaulangers 
245 0 |a Notions et documents d'histoire et de géographie 
245 0 |c M Chaulangers, M Pevsner 
260 |a Paris 
260 |b Delagrave 
260 |c 1973 
650 |a france - history 
904 |i Minh, 961012 
980 |a Trung tâm Học liệu Trường Đại học Cần Thơ